[Event "FIDE World Rapid Team"]
[Site "London ENG"]
[Date "2025.06.12"]
[Round "7.2"]
[White "Verbytski, Oleg"]
[Black "Krivenko, Dion"]
[Result "0-1"]
[BlackTitle "FM"]
[WhiteElo "1994"]
[BlackElo "2243"]
[WhiteTeam "Chess Trust Accelerators"]
[BlackTeam "OlalaStars"]
[WhiteFideId "495506"]
[BlackFideId "4508378"]
[EventDate "2025.06.11"]
[EventType "team"]

1. e4 g6 2. d4 d6 3. Nc3 c6 4. Be2 Nf6 5. h4 h5 6. a4 Bg7 7. Bg5 Qc7 8. Qd2 Nbd7
9. f4 e5 10. Nf3 exd4 11. Nxd4 Nc5 12. Bf3 O-O 13. O-O Re8 14. Rae1 Qb6 15. Kh1
Nh7 16. f5 Nxg5 17. hxg5 Be5 18. Qf2 Nxa4 19. fxg6 fxg6 20. Bxh5 Bf5 21. Nxf5
Qxf2 22. Nh6+ Kh7 23. Rxf2 Nxc3 24. Rf7+ Bg7 25. bxc3 gxh5 26. Nf5 Rg8 27. Rxb7
a5 28. Re3 a4 29. g6+ Kxg6 30. Ne7+ Kf6 31. Nxg8+ Rxg8 32. Ra7 Bh6 33. Re2 Rb8
34. Rxa4 Bf4 35. Ra1 Ke5 36. Ra5+ c5 37. Ra1 h4 38. Rd1 Rb2 39. Kg1 Ke6 40. Kf2
Rb8 41. Kf3 Be5 42. Kg4 Bf6 43. Rd3 Rg8+ 44. Kh3 Rb8 45. Red2 Rb6 46. Rf2 Rb1
47. Rdf3 Rh1+ 48. Kg4 Be5 49. Re2 Bg3 50. Kg5 Ra1 51. Rf6+ Ke7 52. Kf5 Rf1+ 53.
Kg4 Rf2 54. Rf4 Rxf4+ 55. Kh3 Rf6 56. c4 Ke6 57. c3 Rf1 58. Kg4 Rc1 59. Kh3 Rxc3
60. e5 Rxc4 61. Rc2 Bxe5 62. Ra2 Rc3+ 63. Kxh4 c4 64. g4 Rc1 65. g5 Rg1 66. Re2
c3 67. Kh5 d5 68. g6 d4 69. Kh6 Rh1+ 70. Kg5 d3 71. g7 Rg1+ 72. Kh6 dxe2 73.
g8=Q+ Rxg8 74. Kh7 Bb8 75. Kh6 e1=Q 76. Kh7 Rg3 77. Kh6 Qh1# 0-1

[Event "FIDE World Rapid Team"]
[Site "London ENG"]
[Date "2025.06.12"]
[Round "7.3"]
[White "Sason, Noam"]
[Black "Dicen, Elis Denele"]
[Result "0-1"]
[BlackTitle "WFM"]
[WhiteElo "2153"]
[BlackElo "2136"]
[WhiteTeam "OlalaStars"]
[BlackTeam "Chess Trust Accelerators"]
[WhiteFideId "371282346"]
[BlackFideId "462560"]
[EventDate "2025.06.11"]
[EventType "team"]

1. Nf3 d5 2. g3 Nc6 3. d4 Bf5 4. a3 e6 5. Bg2 Nf6 6. O-O Be7 7. Ne5 Nxe5 8. dxe5
Nd7 9. f4 c6 10. Nd2 h5 11. e4 Bg4 12. Qe1 h4 13. exd5 Bc5+ 14. Kh1 cxd5 15. Nb3
Bb6 16. a4 Bf5 17. a5 Bc5 18. Nxc5 Nxc5 19. Be3 Ne4 20. Kg1 hxg3 21. hxg3 Qc7
22. Rc1 a6 23. c4 Qd7 24. cxd5 exd5 25. Bb6 Qe6 26. Rc7 Qh6 27. Rf3 Qh2+ 28. Kf1
Bh3 29. Bxh3 Nd2+ 30. Qxd2 Qxd2 31. Rf2 Qd3+ 32. Kg2 Qe4+ 33. Kh2 Qh7 34. Kg2
Qxh3+ 35. Kf3 Qh1+ 36. Ke3 Qe4+ 37. Kd2 O-O 38. Rf1 Rac8 39. Rfc1 Rxc7 40. Rxc7
d4 41. Rc4 Qe3+ 42. Kc2 d3+ 43. Kc3 Qxg3 44. Kd2 Re8 45. Rc3 Qxf4+ 46. Be3 Qxe5
47. Rxd3 Qxa5+ 48. Kc1 Qa1+ 49. Kc2 Rc8+ 50. Kb3 b5 51. Rd4 a5 52. Rg4 Qd1+ 53.
Ka2 Qxg4 0-1

[Event "FIDE World Rapid Team"]
[Site "London ENG"]
[Date "2025.06.12"]
[Round "7.4"]
[White "Zhao, George"]
[Black "Blokhin, Sofia"]
[Result "0-1"]
[WhiteTitle "CM"]
[BlackTitle "WFM"]
[WhiteElo "2124"]
[BlackElo "2057"]
[WhiteTeam "Chess Trust Accelerators"]
[BlackTeam "OlalaStars"]
[WhiteFideId "494607"]
[BlackFideId "4508190"]
[EventDate "2025.06.11"]
[EventType "team"]

1. d4 f5 2. Bg5 h6 3. Bh4 g5 4. Bg3 Nf6 5. e3 d6 6. h4 Rg8 7. Be2 Be6 8. Nc3 c6
9. Nf3 Qa5 10. Nd2 Nbd7 11. a3 Qc7 12. b4 Nb6 13. Nb3 Qd7 14. b5 Nbd5 15. bxc6
bxc6 16. Nxd5 Bxd5 17. hxg5 hxg5 18. Rg1 Bg7 19. c4 Bf7 20. Na5 Ne4 21. Bf3 d5
22. Bxe4 dxe4 23. Rb1 f4 24. Rb7 Qf5 25. Qa4 fxg3 26. fxg3 Bf6 27. Nxc6 Kf8 28.
Rf1 Qg4 29. Qb4 Qxg3+ 30. Kd1 Bh5+ 31. Kc1 Qxe3+ 32. Kb2 Qe2+ 33. Kb3 Qxf1 34.
Ka4 Be8 35. d5 Bxc6+ 36. dxc6 Qd1+ 37. Ka5 Qd6 38. Qa4 Qc5+ 39. Ka6 Qb6+ 40.
Rxb6 axb6+ 41. Kb7 Rxa4 42. c5 bxc5 43. c7 Kf7 0-1

[Event "FIDE World Rapid Team"]
[Site "London ENG"]
[Date "2025.06.12"]
[Round "7.5"]
[White "Agafonov, Yuri Dr"]
[Black "Volovich, Julia"]
[Result "1-0"]
[WhiteElo "2096"]
[BlackElo "1945"]
[WhiteTeam "OlalaStars"]
[BlackTeam "Chess Trust Accelerators"]
[WhiteFideId "11602104"]
[BlackFideId "447099"]
[EventDate "2025.06.11"]
[EventType "team"]

1. d4 Nf6 2. Nf3 g6 3. e3 Bg7 4. Bd3 d5 5. h3 O-O 6. Nbd2 c5 7. c3 Nc6 8. Ne5 c4
9. Nxc6 bxc6 10. Bc2 Ne8 11. e4 e5 12. dxe5 Bxe5 13. Nxc4 Bc7 14. exd5 Ba6 15.
Ne3 Qg5 16. Bd3 Bb7 17. Qg4 Qe5 18. Qd4 Qxd4 19. cxd4 cxd5 20. Bd2 Bb6 21. Bb4
Bxd4 22. Bxf8 Kxf8 23. O-O-O Bg7 24. Kb1 d4 25. Nc4 Bxg2 26. Rh2 Bd5 27. f4 Rc8
28. b3 Nc7 29. Re1 Ne6 30. Rf2 Nc5 31. Nb2 Nxd3 32. Nxd3 Rc3 33. Rc2 Be6 34.
Rxc3 dxc3 35. Kc2 Bxh3 36. Rh1 Bf5 37. Rxh7 g5 38. Rh5 Bxd3+ 39. Kxd3 gxf4 40.
Rf5 c2 41. Kxc2 Bd4 42. Rxf4 Bb6 43. Kd3 Ke7 44. Ke4 Ke6 45. Rf5 f6 46. Rb5 Kd6
47. Kf5 Kc6 48. Rb4 a5 49. Rc4+ Kb5 50. Kxf6 1-0

[Event "FIDE World Rapid Team"]
[Site "London ENG"]
[Date "2025.06.12"]
[Round "7.6"]
[White "Kendall, Arthur"]
[Black "Kiritshenko, Platon"]
[Result "1-0"]
[WhiteElo "1883"]
[BlackElo "1587"]
[WhiteTeam "Chess Trust Accelerators"]
[BlackTeam "OlalaStars"]
[WhiteFideId "343410960"]
[BlackFideId "4522010"]
[EventDate "2025.06.11"]
[EventType "team"]

1. d4 Nf6 2. c4 e6 3. Nf3 d5 4. g3 Be7 5. Bg2 O-O 6. O-O c5 7. cxd5 exd5 8. Qc2
Ne4 9. Nc3 Nxc3 10. Qxc3 c4 11. b3 b5 12. bxc4 bxc4 13. Nd2 Ba6 14. Qf3 c3 15.
Qxc3 Bxe2 16. Re1 Bg4 17. Rxe7 Qxe7 18. Ba3 Qd7 19. Bxf8 Kxf8 20. Qc5+ Kg8 21.
Qxd5 Qxd5 22. Bxd5 Nc6 23. Bxc6 Rc8 24. d5 Kf8 25. f3 Bf5 26. Re1 h5 27. Nc4 Rd8
28. Nd6 Bg6 29. Re8+ Rxe8 30. Nxe8 f6 31. Nd6 Ke7 32. Nc8+ Kd8 33. Nxa7 Kc7 34.
Nb5+ Kd8 35. d6 Bf5 36. Nd4 Bc8 37. a4 g5 38. a5 h4 39. a6 Bxa6 40. Ne6+ Kc8 41.
d7+ Kb8 42. d8=Q+ Ka7 43. Qc7+ Bb7 44. Qxb7# 1-0

[Event "FIDE World Rapid Team"]
[Site "London ENG"]
[Date "2025.06.12"]
[Round "7.1"]
[White "Momunaliev, Ruslan"]
[Black "Zakarian, David"]
[Result "0-1"]
[WhiteTitle "CM"]
[BlackTitle "FM"]
[WhiteElo "2214"]
[BlackElo "2301"]
[WhiteTeam "Youth KG"]
[BlackTeam "ANI"]
[WhiteFideId "13812211"]
[BlackFideId "13301276"]
[EventDate "2025.06.11"]
[EventType "team"]

1. e4 c5 2. Nf3 Nc6 3. Bb5 Nf6 4. e5 Nd5 5. Nc3 Nc7 6. Bxc6 dxc6 7. h3 g6 8. d3
Bg7 9. O-O O-O 10. Be3 Ne6 11. Ne4 b6 12. Re1 Qc7 13. c3 Bb7 14. Neg5 Nxg5 15.
Bxg5 Rad8 16. Qe2 h6 17. Bf4 Bc8 18. Qe3 g5 19. Bg3 Be6 20. Rad1 Qc8 21. Nd2 Bf5
22. Nf1 Qa6 23. c4 Qxa2 24. h4 Qxb2 25. hxg5 h5 26. g6 Qd4 27. gxf7+ Rxf7 28. e6
Rf6 29. Be5 Qxe3 30. Nxe3 Rff8 31. Bc7 Rc8 32. Bd6 Bxe6 33. Bxe7 Rf7 34. Bh4 b5
35. Nf1 Bf5 36. Ng3 b4 37. Re3 Bg4 38. Rf1 b3 39. d4 b2 40. Rb3 Bxd4 41. Kh1 a5
42. f4 a4 43. Ra3 Rxf4 44. Rb1 Be6 45. Bg5 Rg4 46. Be7 Bxc4 47. Nxh5 Kf7 48.
Rxa4 Rh8 0-1

[Event "FIDE World Rapid Team"]
[Site "London ENG"]
[Date "2025.06.12"]
[Round "7.2"]
[White "Kiremitciyan, Ari"]
[Black "Kurbanbaev, Zalkar"]
[Result "1-0"]
[WhiteTitle "FM"]
[WhiteElo "2271"]
[BlackElo "2119"]
[WhiteTeam "ANI"]
[BlackTeam "Youth KG"]
[WhiteFideId "6373445"]
[BlackFideId "13808524"]
[EventDate "2025.06.11"]
[EventType "team"]

1. Nf3 Nf6 2. g3 g6 3. b3 Bg7 4. Bb2 O-O 5. Bg2 d5 6. c4 c6 7. O-O Nbd7 8. Qc2
Re8 9. d4 Ne4 10. Nc3 Nxc3 11. Bxc3 Nf6 12. e3 Bf5 13. Qe2 Ne4 14. Bb2 Qd7 15.
Rfd1 Bg4 16. Qf1 Nd6 17. h3 Bxf3 18. Bxf3 e6 19. Qe2 a5 20. a4 b6 21. Rac1 Nf5
22. Rc2 b5 23. cxb5 cxb5 24. Qxb5 Qe7 25. Qd3 Rab8 26. Rc5 Qb7 27. Rb5 Qa7 28.
Bc3 Nd6 29. Rxa5 Qd7 30. Be1 Rb7 31. Rc1 Reb8 32. Bd1 h5 33. h4 Qe7 34. Rac5 g5
35. hxg5 Qxg5 36. Rc6 Nf5 37. Rc8+ Kh7 38. f4 Qg6 39. Kh2 Bh6 40. b4 e5 41. dxe5
Kg7 42. Rxb8 Rxb8 43. Bc2 Rc8 44. Rd1 Nxe3 45. Qxe3 Qxc2+ 46. Rd2 Qxa4 47. Rxd5
Rc2+ 48. Rd2 Rc1 49. Re2 Qa1 50. e6 fxe6 51. Qxe6 Rc7 52. Bf2 Qf6 53. Qxf6+ Kxf6
54. Kh3 Rb7 55. Bc5 Kf7 56. Kh4 Bf8 57. Bxf8 Kxf8 58. Rb2 Rb5 59. Re2 Rxb4 60.
Kxh5 Kg7 61. f5 Kf7 62. g4 Rb1 63. Ra2 Kf6 64. Ra6+ Kf7 65. Kg5 Rb7 66. Rh6 Kg7
67. f6+ Kg8 68. Rh1 Rb4 69. Ra1 Kf7 70. Ra7+ Kg8 71. Kh5 Kf8 72. g5 Kg8 73. Kg6
Rb8 74. Rg7+ Kh8 75. Rh7+ 1-0

[Event "FIDE World Rapid Team"]
[Site "London ENG"]
[Date "2025.06.12"]
[Round "7.3"]
[White "Beknazarov, Emir"]
[Black "Stepanyan, Henrik"]
[Result "1/2-1/2"]
[WhiteElo "1878"]
[BlackElo "2200"]
[WhiteTeam "Youth KG"]
[BlackTeam "ANI"]
[WhiteFideId "13816063"]
[BlackFideId "401030"]
[EventDate "2025.06.11"]
[EventType "team"]

1. Nf3 d5 2. b3 Nf6 3. Bb2 e6 4. e3 Be7 5. c4 O-O 6. Nc3 c5 7. d4 Nc6 8. dxc5
Bxc5 9. Bd3 Nb4 10. O-O Nxd3 11. Qxd3 dxc4 12. Qxc4 Qe7 13. Ne4 Nxe4 14. Qxe4 f6
15. Rac1 Bb6 16. Bd4 e5 17. Bxb6 axb6 18. a4 Be6 19. Nd2 Rad8 20. Nc4 Bd5 21.
Qc2 Rc8 22. Rfd1 Bxc4 23. bxc4 Rc6 24. Qb3 Qe6 25. h3 Rfc8 26. Rc2 Kf7 27. Kh2
R8c7 28. Rd5 g6 29. Rcd2 Kg7 30. g3 Qf5 31. Rd8 Qe6 32. R8d5 Qf5 33. Rc2 Rxc4
34. Rxc4 Qxf2+ 35. Kh1 Qf1+ 36. Kh2 Rxc4 37. Rd7+ Kh6 38. Qb2 Rc1 39. Qg2 Qxg2+
40. Kxg2 Rc4 41. Rxb7 Rxa4 42. Rxb6 f5 43. Rb5 Ra2+ 44. Kf3 e4+ 45. Kf4 Rf2+ 46.
Ke5 Rf3 47. g4 Rxe3 48. gxf5 gxf5 49. Kxf5 Rxh3 50. Kxe4 Rh5 1/2-1/2

[Event "FIDE World Rapid Team"]
[Site "London ENG"]
[Date "2025.06.12"]
[Round "7.4"]
[White "Zakarian, Dimitrios Levon"]
[Black "Muradylov, Baiel"]
[Result "1-0"]
[WhiteElo "2079"]
[BlackElo "1864"]
[WhiteTeam "ANI"]
[BlackTeam "Youth KG"]
[WhiteFideId "453080"]
[BlackFideId "13821580"]
[EventDate "2025.06.11"]
[EventType "team"]

1. d4 Nf6 2. c4 e6 3. Nf3 d5 4. Nc3 Be7 5. Bg5 O-O 6. e3 Nbd7 7. Qc2 h6 8. Bh4
Re8 9. cxd5 exd5 10. Bd3 c6 11. O-O Ne4 12. Bxe7 Qxe7 13. Bxe4 dxe4 14. Nd2 f5
15. Rab1 Nf6 16. Nc4 Be6 17. Ne2 Bxc4 18. Qxc4+ Qf7 19. b3 Nd5 20. Nc3 Rac8 21.
Rfc1 Nb6 22. Qxf7+ Kxf7 23. b4 a6 24. a4 Ke6 25. g3 Red8 26. Rb3 Rd7 27. Kg2
Rdc7 28. Ra3 Nc4 29. Ra2 Nb6 30. Ne2 g5 31. Rc5 Nd7 32. Rc1 Nb6 33. Nc3 Nd5 34.
Rb2 Nb6 35. Rb3 Nd5 36. Kf1 b6 37. Ke2 Kd6 38. Kd2 Ne7 39. Nd1 Ra7 40. Nb2 b5
41. a5 Nd5 42. Nd1 Rf7 43. Nc3 Ne7 44. Ke2 Ng6 45. f3 exf3+ 46. Kxf3 Re7 47. Ne2
Re6 48. Rc5 Ne7 49. Nc3 Re8 50. h3 Rf8 51. Rb2 Re8 52. Rc2 g4+ 53. hxg4 fxg4+
54. Ke2 Rf8 55. Kd3 Rf3 56. Ne4+ Kd7 57. Rh5 Kc7 58. d5 Rg6 59. d6+ Rxd6+ 60.
Nxd6 Kxd6 61. Rxh6+ Ke5 62. Rc5+ Nd5 63. Rh5+ Kd6 64. Rcxd5+ cxd5 65. Rh6+ Ke5
66. Rh5+ Ke6 67. Kd4 Rxg3 68. Rh6+ Kf5 69. Rxa6 Rg1 70. Kxd5 Rd1+ 71. Kc5 g3 72.
e4+ Kxe4 73. Rg6 Kf3 74. Kxb5 g2 75. a6 g1=Q 76. Rxg1 Rxg1 77. a7 Rg8 78. Kc6
Rg6+ 79. Kb7 Rg7+ 80. Ka6 Rg6+ 81. Ka5 Rg8 82. b5 Ke4 83. b6 Kd5 84. b7 1-0

[Event "FIDE World Rapid Team"]
[Site "London ENG"]
[Date "2025.06.12"]
[Round "7.5"]
[White "Keneshbekov, Elim"]
[Black "Grigoryan, Meri"]
[Result "1-0"]
[WhiteTitle "CM"]
[BlackTitle "WFM"]
[WhiteElo "1883"]
[BlackElo "1980"]
[WhiteTeam "Youth KG"]
[BlackTeam "ANI"]
[WhiteFideId "13816772"]
[BlackFideId "13300571"]
[EventDate "2025.06.11"]
[EventType "team"]

1. e4 c5 2. c3 d5 3. exd5 Qxd5 4. d4 cxd4 5. cxd4 Nc6 6. Nf3 Bg4 7. Be2 e6 8.
Nc3 Bb4 9. O-O Qa5 10. Be3 Nf6 11. Qb3 O-O 12. h3 Bh5 13. a3 Bxc3 14. bxc3 Qc7
15. Rfd1 Rac8 16. Rac1 Na5 17. Qa4 Nc4 18. Bg5 Nd5 19. Qb3 b6 20. g4 Bg6 21. Bf1
Be4 22. Nd2 Nxd2 23. Bxd2 Nf4 24. c4 Rfd8 25. Qg3 Ng6 26. Qxc7 Rxc7 27. Be3 Bf3
28. Rd2 Rdc8 29. Kh2 h5 30. Kg3 hxg4 31. hxg4 Bb7 32. Be2 Ba6 33. Rdc2 Bb7 34.
Bd3 Ne7 35. Be2 Ba6 36. Bf4 Rd7 37. Rd2 Ng6 38. Be3 Rdc7 39. Rdc2 Bb7 40. c5 Be4
41. Rc3 bxc5 42. Rxc5 Rxc5 43. dxc5 Ne5 44. Rc3 Bc6 45. Bf4 Nd7 46. Ba6 Re8 47.
Bd6 Nf6 48. f3 Nd5 49. Rb3 f6 50. Bb7 Ba4 51. Rd3 Bc2 52. Rd2 Bb3 53. c6 Kf7 54.
Rb2 Ba4 55. c7 Bd7 56. Rc2 Nb6 57. Rc5 Nc8 58. Bf4 e5 59. Be3 Ke6 60. Rc3 g6 61.
Rd3 f5 62. Bc5 Bb5 63. Rd8 Nb6 64. Rxe8+ Bxe8 65. Bxb6 1-0

[Event "FIDE World Rapid Team"]
[Site "London ENG"]
[Date "2025.06.12"]
[Round "7.6"]
[White "Mesropyan, Hayk"]
[Black "Sezdbekova, Aizhan"]
[Result "1-0"]
[BlackTitle "WCM"]
[WhiteElo "1866"]
[BlackElo "1884"]
[WhiteTeam "ANI"]
[BlackTeam "Youth KG"]
[WhiteFideId "499455"]
[BlackFideId "13803590"]
[EventDate "2025.06.11"]
[EventType "team"]

1. e4 e5 2. Nf3 Nc6 3. Bb5 a6 4. Ba4 Nf6 5. d3 b5 6. Bb3 d5 7. exd5 Nxd5 8. Qe2
Qd6 9. Nxe5 Nxe5 10. d4 f6 11. dxe5 fxe5 12. Qf3 Bb7 13. Nc3 Nxc3 14. Qf7+ Kd8
15. bxc3 Qf6 16. Qh5 Be7 17. Be3 g6 18. Rd1+ Ke8 19. Qg4 Bc6 20. h4 h5 21. Qg3
Qf5 22. Bd5 Bxd5 23. Rxd5 Bd6 24. O-O Ke7 25. Bg5+ Ke6 26. Rfd1 Rhf8 27. f4 Qg4
28. Qe3 Rxf4 29. Bxf4 Qxf4 30. Qd3 e4 31. Rxd6+ cxd6 32. Qd5+ Ke7 33. Qb7+ Ke6
34. Qxa8 Qe3+ 35. Kh1 Qc5 36. Qxe4+ Kf6 37. Rf1+ 1-0

[Event "FIDE World Rapid Team"]
[Site "London ENG"]
[Date "2025.06.12"]
[Round "7.1"]
[White "Grahn, Vidar"]
[Black "Cancedda-Dupuis, Livio"]
[Result "0-1"]
[WhiteTitle "FM"]
[WhiteElo "2239"]
[BlackElo "2053"]
[WhiteTeam "Uppsala SSS"]
[BlackTeam "The London Legends"]
[WhiteFideId "1744780"]
[BlackFideId "499447"]
[EventDate "2025.06.11"]
[EventType "team"]

1. d4 Nf6 2. c4 e6 3. g3 d5 4. Bg2 Bb4+ 5. Nd2 O-O 6. Nf3 dxc4 7. Qc2 Nbd7 8.
Qxc4 c5 9. a3 Nb6 10. Qd3 c4 11. Qc2 Bd6 12. O-O Bd7 13. e4 Ba4 14. Qc3 Bc6 15.
Qc2 Bc7 16. e5 Ba4 17. Qb1 Nfd5 18. Ne4 h6 19. Bd2 Bc6 20. Qc2 Ba4 21. Qc1 Kh7
22. Nc5 Bc6 23. Qc2+ Kg8 24. h4 Nd7 25. Qxc4 Nxc5 26. dxc5 Ne7 27. Rfd1 Qe8 28.
Qg4 Nf5 29. Bc3 Qe7 30. b4 Rfd8 31. Qf4 Rxd1+ 32. Rxd1 Rd8 33. Rd2 Rxd2 34. Qxd2
b6 35. Nd4 Bxg2 36. Nxf5 exf5 37. Kxg2 bxc5 38. Qd5 cxb4 39. axb4 Qe6 40. Qa8+
Kh7 41. Qxa7 Qc6+ 42. Kh2 Qxc3 43. b5 Bxe5 44. Qxf7 Qf3 45. Qa2 Bd4 46. Qb1 Bxf2
47. b6 Qxg3+ 48. Kh1 Qh3# 0-1

[Event "FIDE World Rapid Team"]
[Site "London ENG"]
[Date "2025.06.12"]
[Round "7.2"]
[White "Bryant, Harry"]
[Black "Strom-Engdahl, Alexander"]
[Result "1-0"]
[BlackTitle "FM"]
[WhiteElo "2062"]
[BlackElo "2320"]
[WhiteTeam "The London Legends"]
[BlackTeam "Uppsala SSS"]
[WhiteFideId "489158"]
[BlackFideId "1741586"]
[EventDate "2025.06.11"]
[EventType "team"]

1. e4 c5 2. Nf3 Nc6 3. Bb5 g6 4. O-O Bg7 5. c3 e5 6. d4 cxd4 7. cxd4 exd4 8. Bf4
a6 9. Ba4 Nge7 10. Bd6 b5 11. Bb3 O-O 12. Nbd2 Bb7 13. Ng5 h6 14. Nxf7 Rxf7 15.
Bxf7+ Kxf7 16. Qb3+ Kf8 17. f4 Na5 18. Qa3 Nc6 19. Qb3 Na5 20. Qa3 Nc6 21. f5
gxf5 22. Qb3 Ke8 23. Rxf5 Qa5 24. Qf7+ Kd8 25. Qf8+ 1-0

[Event "FIDE World Rapid Team"]
[Site "London ENG"]
[Date "2025.06.12"]
[Round "7.3"]
[White "Frank, Anton"]
[Black "Dasgupta, Avyukt"]
[Result "1-0"]
[WhiteTitle "CM"]
[WhiteElo "2183"]
[BlackElo "2125"]
[WhiteTeam "Uppsala SSS"]
[BlackTeam "The London Legends"]
[WhiteFideId "1752383"]
[BlackFideId "480630"]
[EventDate "2025.06.11"]
[EventType "team"]

1. e4 c5 2. Nf3 e6 3. d4 cxd4 4. Nxd4 Nf6 5. Nc3 Nc6 6. Ndb5 Bb4 7. a3 Bxc3+ 8.
Nxc3 d5 9. exd5 exd5 10. Bd3 O-O 11. O-O d4 12. Ne2 Bg4 13. h3 Bh5 14. Bg5 Re8
15. Re1 Qd6 16. Qd2 Bxe2 17. Bf4 Qd5 18. Bxe2 Ne5 19. Rad1 Rad8 20. Bf1 Ne4 21.
Qb4 Ng6 22. Bh2 Qf5 23. f3 Ng5 24. Rxd4 Qxc2 25. Rxe8+ Rxe8 26. Qb5 Re1 27. Qxg5
h6 28. Qd2 Qb1 29. Qf2 Ne7 30. Rd8+ Kh7 31. Re8 Re6 32. Bf4 Nd5 33. Rxe6 fxe6
34. Be5 Qc1 35. Kh2 Ne3 36. Bd3+ g6 37. Bf4 Nf1+ 38. Bxf1 Qxf4+ 39. Kg1 Qf6 40.
b4 Qc3 41. Qxa7 Qc6 42. b5 Qd5 43. a4 h5 44. a5 Kh6 45. a6 bxa6 46. bxa6 Kg5 47.
Qe3+ Kf6 48. a7 h4 49. Kh1 g5 50. Qc3+ Kf7 51. Qa1 Qa8 52. Bd3 g4 53. Be4 Qc8
54. a8=Q Qc1+ 55. Qxc1 Kf6 56. Qf4+ 1-0

[Event "FIDE World Rapid Team"]
[Site "London ENG"]
[Date "2025.06.12"]
[Round "7.4"]
[White "Vashisht-Pigem, Raman"]
[Black "Nilsson, Oliver"]
[Result "0-1"]
[WhiteElo "1965"]
[BlackElo "2129"]
[WhiteTeam "The London Legends"]
[BlackTeam "Uppsala SSS"]
[WhiteFideId "469734"]
[BlackFideId "1730177"]
[EventDate "2025.06.11"]
[EventType "team"]

1. e4 c5 2. Nf3 d6 3. Bb5+ Bd7 4. Bxd7+ Nxd7 5. O-O Ngf6 6. Re1 e6 7. d4 cxd4 8.
Nxd4 Nc5 9. f3 d5 10. exd5 Nxd5 11. Nc3 Nxc3 12. bxc3 Be7 13. Be3 O-O 14. Nb3
Na4 15. Qxd8 Rfxd8 16. Bd4 Rac8 17. Rad1 a6 18. Rd3 h6 19. Kf1 b5 20. f4 Rd5 21.
Rb1 Ba3 22. Nc1 Nxc3 23. Bxc3 Rxd3 24. Nxd3 Rxc3 25. Rb3 Rxb3 26. cxb3 Bd6 27.
Ke2 Kf8 28. Kf3 Ke7 29. Ke4 h5 30. h3 g6 31. g4 hxg4 32. hxg4 f5+ 33. gxf5 gxf5+
34. Kd4 Kf6 35. a4 Bxf4 36. axb5 axb5 37. Kc5 Bd2 38. Kxb5 e5 39. Kc4 e4 40. Nb2
f4 41. Kd4 Kf5 42. Nd1 f3 43. b4 Kf4 44. b5 f2 45. Nxf2 Be3+ 46. Kc3 Bxf2 47.
Kd2 Kf3 0-1

[Event "FIDE World Rapid Team"]
[Site "London ENG"]
[Date "2025.06.12"]
[Round "7.5"]
[White "Ostensson, Julia"]
[Black "Mokhber-Garcia, Sebastian"]
[Result "0-1"]
[WhiteElo "1996"]
[BlackElo "1853"]
[WhiteTeam "Uppsala SSS"]
[BlackTeam "The London Legends"]
[WhiteFideId "1747703"]
[BlackFideId "499269"]
[EventDate "2025.06.11"]
[EventType "team"]

1. d4 Nf6 2. c4 e6 3. Nf3 Bb4+ 4. Nbd2 d5 5. e3 O-O 6. a3 Bxd2+ 7. Bxd2 dxc4 8.
Bxc4 b6 9. O-O Nbd7 10. Qe2 a6 11. e4 Bb7 12. Bd3 c5 13. e5 Ne8 14. Bxh7+ Kxh7
15. Ng5+ Kg8 16. Qh5 Nef6 17. exf6 Nxf6 18. Qh3 Qxd4 19. Bc3 Qg4 20. Qxg4 Nxg4
21. Rfd1 Rfd8 22. Nh3 f6 23. Nf4 Kf7 24. h3 Nh6 25. Kf1 e5 26. Nh5 Nf5 27. Ng3
Nd4 28. Rd3 Bd5 29. Kg1 Bc4 30. Rdd1 Nb3 31. Rxd8 Rxd8 32. Re1 b5 33. Nf5 a5 34.
Ne3 Be6 35. Rd1 Rxd1+ 36. Nxd1 b4 37. Be1 Nc1 38. Bd2 Nd3 39. Kf1 Bc4 40. axb4
Nxb2+ 41. Ke1 Nd3+ 42. Ke2 cxb4 43. Ne3 Nf4+ 44. Kd1 Bb3+ 45. Ke1 Nd5 46. Nxd5
Bxd5 47. g3 Ke6 48. Kd1 Kd6 49. Kc2 Kc5 50. Kb2 Kd4 51. Be3+ Kd3 52. Bb6 a4 53.
Bc5 a3+ 54. Kb1 Kc4 55. Bf8 Be4+ 56. Ka1 g6 57. f3 Bxf3 58. Bg7 e4 59. Bxf6 e3
60. Bg5 e2 61. Bd2 b3 62. h4 b2+ 63. Ka2 Be4 0-1

[Event "FIDE World Rapid Team"]
[Site "London ENG"]
[Date "2025.06.12"]
[Round "7.6"]
[White "Kodukula, Sameera"]
[Black "Morell, Edvin"]
[Result "0-1"]
[WhiteElo "1647"]
[BlackElo "1944"]
[WhiteTeam "The London Legends"]
[BlackTeam "Uppsala SSS"]
[WhiteFideId "343413994"]
[BlackFideId "1722050"]
[EventDate "2025.06.11"]
[EventType "team"]

1. Nf3 c5 2. e3 Nf6 3. d4 b6 4. Be2 g6 5. b3 Bg7 6. Bb2 O-O 7. O-O Bb7 8. Nbd2
Nc6 9. Nc4 d6 10. Re1 Rc8 11. dxc5 bxc5 12. h3 Qc7 13. Ncd2 d5 14. c4 e6 15. Qc2
Nb4 16. Qc1 Qb6 17. Bc3 Ne4 18. Bxg7 Kxg7 19. Nxe4 dxe4 20. Ne5 Qd6 21. Qc3 f6
22. Red1 Qxe5 23. Qxe5 fxe5 24. Bg4 Kf6 25. Rd6 Rc6 26. Rd7 Rf7 27. Rd2 h5 28.
Be2 Rcc7 29. a3 Nc6 30. Kf1 Rfd7 31. Rad1 Ke7 32. Ke1 Rxd2 33. Rxd2 Rd7 34. Rc2
Ba6 35. Rc3 Rb7 36. Kd2 Na5 37. Kc2 Rb8 38. Kb2 Kf6 39. Kc2 Kg5 0-1

[Event "FIDE World Rapid Team"]
[Site "London ENG"]
[Date "2025.06.12"]
[Round "7.1"]
[White "Eren, Ataberk"]
[Black "Sedykh, Mikhail"]
[Result "1-0"]
[WhiteTitle "IM"]
[WhiteElo "2423"]
[BlackElo "2159"]
[WhiteTeam "Satranc Istanbul"]
[BlackTeam "Desert Penguins"]
[WhiteFideId "6349765"]
[BlackFideId "447498"]
[EventDate "2025.06.11"]
[EventType "team"]

1. d4 d5 2. Bf4 Nf6 3. e3 c5 4. c3 Nc6 5. Nd2 cxd4 6. exd4 Bf5 7. Qb3 Qc8 8.
Ngf3 e6 9. Nh4 Bg4 10. h3 Bh5 11. g4 Bg6 12. Nxg6 hxg6 13. Be2 Be7 14. h4 Qd7
15. O-O-O Na5 16. Qb5 Qxb5 17. Bxb5+ Nc6 18. f3 O-O-O 19. Kb1 Bd6 20. Bg5 Rd7
21. Rdg1 a6 22. Be2 Kc7 23. Nb3 a5 24. Bb5 b6 25. Nc1 Kb7 26. a4 Rc7 27. Bd2 Nd7
28. h5 gxh5 29. gxh5 Nf6 30. h6 gxh6 31. Bxh6 Ng8 32. Bg5 Rxh1 33. Rxh1 f6 34.
Bd2 Rg7 35. Nd3 Na7 36. Be8 Re7 37. Bg6 Nc6 38. b3 Kc7 39. Nf4 Kd7 40. Bd3 Rg7
41. Nh5 Rg2 42. Bc1 Rh2 43. Rg1 Nce7 44. Bb5+ Kc8 45. Ng7 e5 46. Ne8 Bb8 47. Ba3
Rf2 48. Rg7 Kd8 49. Nxf6 exd4 50. Nxg8 Nf5 51. Rd7+ Kc8 52. Rxd5 Ne3 53. Ne7+
Kb7 54. Rxd4 Be5 55. Rd7+ Kb8 56. Nc6+ Kc8 57. Nxe5 Rh2 58. Ba6+ Kb8 59. Nc6+ 1-0